00310pab a2200121 454500008004000000100002000040245005900060260000900119300001300128362001100141650002100152773001500173180718b2007 xxu||||| |||| 00| 0 eng d aGatade, Subhash aA new milestone in the movement for Dalit emancipation c2007 ap.20-22. a15 Sep aBackward classes aMainstream